| 000 | 01294nam a2200265 a 4500 | ||
|---|---|---|---|
| 001 | 000029937 | ||
| 003 | DO-SdBNP | ||
| 005 | 20240419104537.0 | ||
| 008 | 110427s1985 dr a r 000 0 spa d | ||
| 040 |
_aDO-SdBNP _bspa _cBPMSU |
||
| 082 | 4 |
_a791.8 _bP592g 1985 _222 |
|
| 100 | 1 | _aPichardo, José M. | |
| 245 | 1 | 0 |
_aGallos y galleros / _cJosé M. Pichardo ; ilustraciones de Guillo Pérez ; edición Pilar Soto de Rainieri. |
| 260 |
_aSanto Domingo : _bSociedad Dominicana de Bibliófilos, _c1985. |
||
| 300 |
_a152 p. : _bil. ; _c20 cm. |
||
| 490 | 0 |
_aCultura dominicana, _v56 |
|
| 505 | 0 | _aRiña de gallos 23 -- Gallos de riña o pelea 49 -- Colores y matices de los plumajes 59 -- El gallero 63 -- Adiestramiento y cuidado de los gallos 71 -- Concertación de peleas y apuestas 77 -- Careos y careadores 81 -- Las heridas y sus nombres 87 -- Argot gallístico 93 -- El destino inexorable 111 -- El ocaso de un caudillo 117 -- La proeza del gallo canelo 123 -- Crónicas gallisticas 129 | |
| 650 | 4 |
_aPeleas de gallos _xJuegos. |
|
| 650 | 4 |
_aGallos de pelea _xHistoria. |
|
| 650 | 4 |
_aPeleas de gallos _zRepública Dominicana |
|
| 700 | 1 |
_aPérez, Guillo _eilustración |
|
| 700 | 1 |
_aSoto de Rainieri, Pilar _eeditora |
|
| 910 | _aVMateo V. Control de calidad. BPMSU | ||
| 942 |
_2ddc _cBK |
||
| 999 |
_c14633 _d14633 |
||